Antidépresseur... ou Tolkien ? - Statistiques

Statistiques générales
  • Ce quiz a été pris 218 fois
  • Le résultat moyen est 12 sur 20
Statistiques - réponses
Question Réponse % Correct
Haldir Personnage de Tolkien
90%
Luvox Antidépresseur
87%
Elendil Personnage de Tolkien
84%
Clédial Antidépresseur
78%
Celebrian Personnage de Tolkien
77%
Sintamil Antidépresseur
76%
Azafen Antidépresseur
74%
Cirdan Personnage de Tolkien
71%
Finarfin Personnage de Tolkien
68%
Desyrel Antidépresseur
67%
Cymbalta Antidépresseur
64%
Narvi Personnage de Tolkien
62%
Bergil Personnage de Tolkien
57%
Orophin Personnage de Tolkien
55%
Minalcar Personnage de Tolkien
45%
Nardil Antidépresseur
39%
Eskalith Antidépresseur
38%
Elronon Antidépresseur
37%
Narmacil Personnage de Tolkien
30%
Sildenafil Personnage de Tolkien
25%
Aucun quiz correspondant
Distribution des résultats
% des personnes avec chaque résultat
Percentile par nombre de réponses
Votre historique - résultats
Vous n’avez pas pris ce quiz